Missing Word: 'A' #1s Quiz Stats

 Plays Quiz Updated Jun 1, 2012

     
Support Sporcle.
Go Orange.
Score 0/20 Timer 03:00
1 Play Today
Single Title 'A' Word % Correct
I Will ____ Love YouAlways
98.1%
Take My Breath ____Away
96.7%
(I Just) Died In Your ____Arms
95.6%
____ Night LongAll
95%
I'd Do ____ For Love (But I Won't Do That)Anything
94.6%
Stayin' ____Alive
93.3%
____ PieAmerican
92.7%
You Are Not ____Alone
90.3%
____ Day in ParadiseAnother
80.7%
Party Rock ____Anthem
80.3%
Single Title 'A' Word % Correct
Together ____Again
80.1%
____ DelightAfternoon
65.5%
One Bad ____Apple
52.5%
Rock Me ____Amadeus
45.6%
Family ____Affair
43.9%
____ To LoveAddicted
43.7%
Come See ____ MeAbout
42.7%
Not ____Afraid
36.6%
____ of MineAngel
36%
____ Theme (Best That You Can Do)Arthur's
25.3%

Today's Daily Dose

Word Ladder
Drink to Me

Get the Picture
Big 4 'R' All-Stars

From the Vault

'N'-Ending Presidents

by sproutcm

History 2m
We're looking for the N-dings here.
Remove Ads.
Support Sporcle.
Get the best of Sporcle when you Go Orange. This ad-free experience offers more features, more stats, and more fun while also helping to support Sporcle. Thank you for becoming a member.

Show Comments

Extras

Top Quizzes Today


Score Distribution

Your Account Isn't Verified!

In order to create a playlist on Sporcle, you need to verify the email address you used during registration. Go to your Sporcle Settings to finish the process.

Report this User

Report this user for behavior that violates our Community Guidelines.

Details: